| 000 -LEADER |
| fixed length control field |
00591nam a22000977a 4500 |
| 008 - FIXED-LENGTH DATA ELEMENTS--GENERAL INFORMATION |
| fixed length control field |
170213b xxu||||| |||| 00| 0 eng d |
| 100 ## - MAIN ENTRY--AUTHOR'S NAME |
| Author's Name |
Schoberlin, Melvin |
| 245 ## - TITLE STATEMENT |
| Title |
Ryukyu Islands, lists of post offices under the administration of the United States Government (1945-1961) |
| 260 ## - PUBLICATION, DISTRIBUTION, ETC. (IMPRINT) |
| Place of publication, distribution, etc. |
Philadelphia ; Yokosuka, Kanagawa, [Japan] |
| Name of publisher, distributor, etc. |
Mogollon Press (Printed in Japan by Muramatsu Printing Co., Ltd. for distribution with Japanese Philately |
| Date of publication, distribution, etc. |
1962 |
| 650 ## - TOPICAL TERM (Tag) |
| Topical term or geographic name |
Ryukyu Islands (1945-1972) | Post Offices | Postal History | 1945-1961 | United States -- Occupation of Ryukyu Islands | Post World War II |